[Event "33rd ECCC Open 2017"]
[Site "Antalya"]
[Date "2017.10.12"]
[Round "5"]
[White "Mikhalevski, Victor"]
[Black "Marsili, Riccardo"]
[Result "1-0"]
[WhiteElo "2547"]
[BlackElo "2219"]
[Annotator "TA"]
[PlyCount "75"]
[EventType "team-tourn"]
[EventCountry "TUR"]
[SourceTitle "playchess.com"]
[Source "ChessBase"]
[SourceQuality "1"]
[WhiteTeam "Beer Sheva"]
[BlackTeam "Augusta Perusia"]

{[%evp 14,75,53,54,55,50,60,54,61,58,45,66,53,47,109,98,138,130,131,123,130,138,256,264,254,267,261,266,266,263,258,262,255,230,223,245,254,264,352,342,376,360,470,457,425,447,435,430,417,371,335,341,443,445,454,450,523,505,485,506,550,502,948,928]} 1. d4 Nf6 2. Nf3 e6 3. c4 Bb4+ 4. Nbd2 O-O 5. a3 Bxd2+ 6. Qxd2 Ne4 {E11: Bogo-Indian} (6... b6 7. g3 Bb7 8. Bg2 d6 9. O-O a5 10. b3 Nbd7 11. Bb2 Be4 12. Rfe1 Qe7 13. Rad1 Rfd8 14. Qc1 Rab8 15. Bf1 c5 16. Nd2 Bc6 17. e4 cxd4 18. Bxd4 e5 19. Bc3 Nc5 {1-0 (44) Dubov,D (2666)-Moskalenko,A (2531) Sochi 2017}) 7. Qc2 f5 8. g3 {LiveBook: 3 Games} d6 {White is slightly better.} 9. Bg2 Nd7 10. O-O Qe7 11. b4 $146 ({Predecessor:} 11. b3 Ndf6 12. Ne1 h6 13. Bb2 b6 14. Nd3 {1-0 (29) Nikolov,M (2557)-Yordanov,L (2243) Montana 2017}) 11... a5 12. b5 e5 13. e3 c5 ({Black should play} 13... b6 $14) 14. Bb2 $16 Rb8 15. dxe5 dxe5 16. Rad1 b6 17. Qd3 Kh8 (17... Rb7 $16 18. Qd5+ Kh8) 18. Nh4 $18 Ndf6 19. f3 Ng5 20. Nxf5 Bxf5 21. Qxf5 Nf7 22. f4 exf4 23. exf4 {aiming for Rfe1.} Qe3+ 24. Kh1 Nh6 {[#]} 25. Qc2 $1 Rbe8 26. Be5 Rd8 27. Rf3 Rxd1+ 28. Qxd1 Qe4 29. Qd6 Kg8 30. Qxb6 Qxc4 31. Rc3 Qe2 32. Qe6+ ({Don't play} 32. Qxc5 Rd8 $18) 32... Kh8 {[#] ( -> ...Qe1+)} 33. Qc4 {White is clearly winning.} Qd2 34. Qd3 Qe1+ 35. Qf1 Qd2 36. h3 Nf5 {intending ...Qxc3.} 37. Qd3 Qe1+ (37... Qxd3 $142 38. Rxd3 c4) 38. Kh2 {Precision: White = 98%, Black = 46%.} 1-0

[Event "33rd ECCC Open 2017"]
[Site "Antalya"]
[Date "2017.10.12"]
[Round "5"]
[White "Palac, Mladen"]
[Black "Basgonul, Bekir Serkan"]
[Result "1-0"]
[WhiteElo "2540"]
[BlackElo "1878"]
[Annotator "TA"]
[PlyCount "57"]
[EventType "team-tourn"]
[EventCountry "TUR"]
[SourceTitle "playchess.com"]
[Source "ChessBase"]
[SourceQuality "1"]
[WhiteTeam "Nice Alekhine"]
[BlackTeam "Genc"]

{[%evp 10,57,7,-6,13,0,0,0,25,27,24,0,45,41,68,68,66,57,99,91,108,69,69,33,85,85,187,172,200,200,320,324,310,308,340,368,349,366,588,617,643,641,925,925,890,869,29992,29993,29993,29994]} 1. e4 c5 2. Nf3 Nc6 3. Bb5 e6 4. Bxc6 bxc6 5. d3 Ne7 6. Nbd2 {LiveBook: 6 Partien. B30: Sizilianisch (Rossolimo-Variante)} (6. Qe2 d6 7. h4 e5 8. h5 Ng8 9. Nbd2 Nf6 10. Nc4 Be7 11. Bd2 Bg4 12. Ne3 Bxh5 13. Nf5 Bf8 14. Rxh5 Nxh5 15. Nxe5 dxe5 16. Qxh5 {½-½ (40) Fedoseev,V (2667)-Gelfand,B (2725) Moscow 2016}) 6... d5 7. b3 Ng6 8. Bb2 {Die Stellung ist ausgeglichen.} f6 9. e5 Be7 10. h4 h5 $146 ({Vorgänger:} 10... O-O 11. h5 Nxe5 12. Nxe5 fxe5 13. h6 g6 14. Qe2 {1-0 (24) Harutjunyan,G (2423)-Khakimov,T (2380) Kharkov 2008}) 11. g3 Kf7 12. Qe2 a5 13. a4 $1 Rb8 14. O-O-O Ba6 15. Rde1 {Droht stark exf6.} ({Viel schlechter ist} 15. exf6 $6 gxf6 16. Ng5+ fxg5 $14) 15... f5 16. c4 Rb4 (16... Qd7 $14) 17. Ba3 $16 Qb6 (17... Rb7 $16 {war nötig.}) 18. Kc2 Rb8 {[%cal Rb4b3]} 19. Bxb4 Qxb4 (19... cxb4 {war angesagt.} 20. Kb1 Rh8) 20. Ng5+ $18 Bxg5 21. hxg5 dxc4 22. dxc4 Rd8 23. Nf3 f4 $2 (23... h4 {ist wohl besser.} 24. Rd1 (24. gxh4 $2 Nf4 $19) (24. Nxh4 Rd4 $11) 24... Rb8) 24. Rd1 Rb8 25. Qd3 Ne7 {[#]} 26. g6+ $1 Nxg6 27. Rxh5 {jetzt Dd7+ und aus.} Qa3 28. Ng5+ Kg8 {[#]} 29. Qd8+ $1 {[%mdl 512] Precision: Weiß = 67%, Schwarz = 21%.} 1-0

[Event "33rd ECCC Open 2017"]
[Site "Antalya"]
[Date "2017.10.12"]
[Round "5"]
[White "Kantans, Toms"]
[Black "Sepp, Olav"]
[Result "1/2-1/2"]
[WhiteElo "2524"]
[BlackElo "2433"]
[Annotator "TA"]
[PlyCount "91"]
[EventType "team-tourn"]
[EventCountry "TUR"]
[SourceTitle "playchess.com"]
[Source "ChessBase"]
[SourceQuality "1"]
[WhiteTeam "Riga"]
[BlackTeam "Etela-Vantaan"]

{[%evp 9,91,-7,16,-16,-12,-19,-14,-17,-27,-27,0,-64,-60,-53,-60,-52,-58,-139,-121,-152,-152,-149,-150,-149,-138,-152,-109,-135,-100,-143,-132,-124,-95,-111,-101,-96,-86,-105,-93,-95,-79,-100,-112,-133,-132,-138,-126,-137,-138,-143,-156,-142,-150,-133,-147,-145,-147,-125,-137,-139,-149,-140,-142,-123,-128,-172,-34,-47,-34,-30,0,0,0,0,0,0,0,0,0,0,0,0,0,0]} 1. d4 Nf6 2. Nc3 d5 3. Bf4 c5 4. e3 a6 (4... cxd4 5. exd4 a6 6. Nf3 Nc6 7. Ne5 Bf5 8. g4 Nxe5 9. gxf5 Nc6 10. Qd3 g6 11. O-O-O Bg7 12. h4 Nb4 13. Qe2 gxf5 {1-0 (38) Aronian,L (2799)-Le,Q (2739) Saint Louis 2017}) 5. Nf3 Nc6 6. a3 {D00: 1 d4 d5: Unusual lines} cxd4 7. exd4 Bg4 8. Be2 e6 9. O-O Bd6 10. Bg3 ({White should try} 10. Bxd6 $11 Qxd6 11. Re1) 10... Bxg3 11. hxg3 Bxf3 $146 ({Predecessor:} 11... O-O 12. Qd2 Rc8 13. Rfc1 {0-1 (43) Milanovic,D (2469)-Wagner,D (2575) Berlin 2015}) 12. Bxf3 Qb6 13. Ne2 (13. Na4 $15 Qxd4 14. c4) 13... g5 $1 $17 14. Qd2 {[#]} Rg8 $1 15. Nc1 Qxd4 (15... Qxb2 $2 16. Nb3 $18) 16. Qxd4 Nxd4 17. Bd1 O-O-O 18. Nd3 Nc6 19. Re1 Rge8 20. c3 e5 {[%cal Be6e5,Be5e4][%mdl 32]} 21. Bb3 Re7 22. Rad1 a5 23. Ba4 e4 24. Nc5 Ne5 25. Nb3 Nc4 26. Re2 e3 27. fxe3 Ne4 ({Reject} 27... Nxe3 $6 28. Rde1 $11) ({Much less strong is} 27... Rxe3 28. Rxe3 Nxe3 29. Re1 $15) 28. Bb5 Nxg3 29. Bxc4 dxc4 30. Rxd8+ Kxd8 {[%mdl 4096] Endgame KRN-KRN} 31. Rd2+ Kc7 32. Nxa5 b5 33. Rd5 Kb6 34. b4 Ne2+ ({Much weaker is} 34... Rxe3 $6 35. a4 $11) 35. Kf1 Nxc3 36. Rxg5 Rxe3 {Threatens to win with ...Ne4.} 37. Rf5 {[#]} Na4 (37... Re7 $1 $19 {Hoping for ...Ne4.} 38. Rf6+ Kc7 39. Rc6+ Kd7) 38. Rf6+ Re6 39. Rxf7 c3 40. Rxh7 {The position is equal.} Rf6+ 41. Ke2 Rg6 42. Kf3 Rf6+ 43. Ke3 Rg6 44. Kf3 Rf6+ 45. Ke3 Rg6 46. Ke4 {Precision: White = 58%, Black = 66%.} 1/2-1/2

[Event "33rd ECCC Open 2017"]
[Site "Antalya"]
[Date "2017.10.13"]
[Round "5"]
[White "Valsecchi, Alessio"]
[Black "Jakovenko, Dmitry"]
[Result "1/2-1/2"]
[WhiteElo "2508"]
[BlackElo "2710"]
[Annotator "TA"]
[PlyCount "80"]
[EventType "team-tourn"]
[EventCountry "TUR"]
[SourceTitle "playchess.com"]
[Source "ChessBase"]
[SourceQuality "1"]
[WhiteTeam "Padova"]
[BlackTeam "Alkaloid"]

{[%evp 19,80,-5,-8,-25,-21,-18,-22,-29,-25,-74,-30,-39,-26,-59,-55,-64,-53,-53,-57,-54,-54,-123,-43,-43,-47,-51,-49,-50,-44,-52,-45,-87,-88,-87,-88,-126,-28,-51,21,-174,-29,-268,-264,-274,-287,-272,-135,-94,-86,-81,-24,-49,84,77,72,76,125,124,123,123,123,109,115]} 1. d4 Nf6 2. c4 e6 3. Nc3 Bb4 4. e3 O-O 5. Bd3 d5 6. cxd5 exd5 7. Nge2 Re8 8. Bd2 {E48: Nimzo-Indian: Rubinstein: 5 Bd3 d5 including 6 Ne2, but excluding 6 a3} Bd6 (8... Bf8 9. O-O b6 10. Rc1 c5 11. Nf4 Bb7 12. Qf3 Na6 13. Rfd1 cxd4 14. exd4 Nc7 15. Bc2 Bd6 {1-0 (44) Carlsen,M (2832)-Karjakin,S (2781) Stavanger 2017}) 9. Rc1 a6 10. O-O Nbd7 {LiveBook: 17 Games} 11. Nf4 c6 12. Re1 $146 ({Predecessor:} 12. Qf3 Nf8 13. h3 Ng6 14. Nxg6 hxg6 15. Rce1 Bc7 16. g4 Ne4 {½-½ (40) Sorm,D (2312)-Delorme,A (2501) Barcelona 2014}) 12... Ne4 13. Nxe4 dxe4 14. Bb1 Nf6 15. a3 Bg4 16. f3 Bf5 17. Bb4 Bxf4 18. exf4 Bg6 19. Ba2 Qd7 20. Bc3 (20. h3 $15) 20... exf3 ({Black should try} 20... Bh5 $1 $17 21. Rf1 exf3 22. gxf3 Qf5) 21. Qxf3 $15 Be4 22. Qg3 Nd5 23. Bd2 Re6 24. Qf2 Rae8 25. Re2 Rg6 26. Rce1 Nf6 27. Qf1 {f5! would now be nice for White.} Qf5 ({Black should play} 27... Qxd4+ $17 28. Be3 Qd7) 28. Bb1 $11 {And now Qf3! would win.} Re6 (28... h6 $15) 29. Bc3 $2 (29. Rxe4 $1 $11 Rxe4 30. Be3) 29... Rg4 (29... Bxb1 $1 $19 30. Rxe6 fxe6 31. Rxb1 Nd5) 30. g3 $2 (30. Bxe4 $1 $11 {and White has nothing to worry.} Nxe4 31. g3) 30... Bxb1 $1 $19 31. Rxe6 fxe6 32. Rxb1 {[#]} Nh5 $1 {[%cal Rh5g3] Strongly threatening ...Nxg3!} 33. Re1 Nxf4 34. Re3 Qg5 ({Better is} 34... Qc2 $17) 35. Bd2 {aiming for Rf3.} Qd5 (35... Qb5 $15 {keeps the upper hand.} 36. Bc3 (36. Qxb5 axb5 37. Kf2 Nd5 $17) 36... Qxf1+ 37. Kxf1 Nd5 38. Rxe6 Kf7) 36. h3 $16 {[#]White is better.} Nxh3+ $1 {[%mdl 512]} 37. Qxh3 Rxd4 38. Be1 Re4 {[#]} 39. Rxe4 $1 Qxe4 40. Qf1 h5 {Precision: White = 39%, Black = 50%.} 1/2-1/2

[Event "33rd ECCC Open 2017"]
[Site "Antalya"]
[Date "2017.10.12"]
[Round "5"]
[White "Nemeth, Miklos"]
[Black "Zagorskis, Darius"]
[Result "1/2-1/2"]
[WhiteElo "2489"]
[BlackElo "2443"]
[Annotator "TA"]
[PlyCount "63"]
[EventType "team-tourn"]
[EventCountry "TUR"]
[SourceTitle "playchess.com"]
[Source "ChessBase"]
[SourceQuality "1"]
[WhiteTeam "Dunajska Streda"]
[BlackTeam "MAKABI"]

{[%evp 11,63,38,45,37,37,48,44,45,56,13,55,13,16,0,0,0,0,-17,0,0,0,-8,0,-4,0,0,0,-21,0,-2,-4,-62,7,6,2,2,2,3,3,2,0,0,0,0,0,0,0,0,6,0,16,0,13,0]} 1. e4 c5 2. Nf3 e6 3. d4 cxd4 4. Nxd4 a6 5. Bd3 Ne7 6. O-O Nbc6 7. Be3 {[%cal Bc1e3,Be3d4,Bd4c3][%mdl 32] B42: Sicilian: Kan Variation: 5 Bd3} Nxd4 8. Bxd4 Nc6 9. Bc3 {White is slightly better.} (9. Be3 Be7 10. Nd2 O-O 11. c3 b5 12. f4 Bb7 13. Nf3 Na5 14. b3 Qc7 {½-½ (69) Giri,A (2785)-Artemiev,V (2682) Sochi 2017}) 9... b5 10. b3 e5 11. a4 b4 12. Bb2 Bc5 13. Bc4 {[#] Threatens to win with Bxf7+!} O-O $146 ({Predecessor:} 13... d6 14. Bd5 Qc7 {½-½ (30) Czebe,A (2513)-Horvath,C (2517) Hungary 2012}) 14. Bd5 Qc7 15. Nd2 d6 16. Rc1 Rb8 17. c3 bxc3 18. Bxc3 Nb4 19. Nc4 Be6 20. Qd2 Bxd5 21. exd5 ({White should play} 21. Bxb4 $1 $11 Bxc4 22. Rxc4) 21... f5 (21... Rfe8 $15) 22. Nxe5 $1 $11 {The position is equal.} dxe5 23. Bxb4 $1 Bxb4 ({Don't go for} 23... Rxb4 $2 {[#]} 24. Qxb4 $1 {[%mdl 512]} Bxb4 25. Rxc7 $18) 24. Qxb4 Qxc1 {[#]} 25. Qxf8+ $1 {[%mdl 512]} Kxf8 (25... Rxf8 26. Rxc1) 26. Rxc1 Rxb3 {[%mdl 4096] Endgame KR-KR} 27. g3 Rd3 28. Rc8+ Ke7 29. Rc7+ Kf6 30. Rc6+ Kf7 31. Rc7+ Kf6 32. Rc6+ {Precision: White = 50%, Black = 41%.} 1/2-1/2

[Event "33rd ECCC Open 2017"]
[Site "Antalya"]
[Date "2017.10.12"]
[Round "5"]
[White "Barnaure, Vlad-Victor"]
[Black "Mitkov, Marjan"]
[Result "1-0"]
[WhiteElo "2476"]
[BlackElo "2332"]
[Annotator "TA"]
[PlyCount "63"]
[EventType "team-tourn"]
[EventCountry "TUR"]
[SourceTitle "playchess.com"]
[Source "ChessBase"]
[SourceQuality "1"]
[WhiteTeam "Baia Mare"]
[BlackTeam "Asseco See"]

{[%evp 15,63,10,13,-10,-2,-14,0,-29,0,-4,0,-9,2,0,60,16,81,17,8,3,10,20,20,-13,0,4,11,16,8,8,43,29,50,0,37,37,42,27,12,20,120,132,117,76,100,108,207,219,481,464]} 1. c4 e6 2. Nf3 Nf6 3. g3 d5 4. Bg2 Be7 5. O-O O-O 6. b3 a5 7. Bb2 a4 8. Na3 {A14: English Opening: 1...e6 with b3 by White} Nbd7 {LiveBook: 5 Games} (8... c6 9. d3 Qb6 10. e3 Nbd7 11. d4 Qa5 12. Nd2 Re8 13. Nc2 b6 14. Rb1 {½-½ (22) Apicella,M (2541)-Gharamian,T (2671) Cappelle-la-Grande 2012}) 9. Qc1 c6 10. d3 {The position is equal.} Qb6 $146 ({Predecessor:} 10... b6 11. Nc2 Bb7 12. b4 Qc7 13. a3 e5 14. cxd5 Nxd5 15. Ne3 Nxe3 16. Qxe3 Bf6 17. Nd2 Rfe8 18. Rac1 c5 19. Bxb7 Qxb7 20. bxc5 Nxc5 21. Rc4 {½-½ (21) Erdelyi,T (2101)-Zhou,Q (2307) Kecskemet 2016}) 11. Nd2 Re8 12. Nc2 e5 13. Rb1 axb3 14. axb3 d4 ({Better is} 14... h6 $11) 15. b4 $1 $14 Ra4 (15... Ra2 $11 {keeps the balance.}) 16. Ba3 (16. f4 $16) 16... Qc7 $11 17. e3 dxe3 18. Nxe3 Nf8 19. Rb3 Be6 20. Nf3 Rea8 21. Qc3 N6d7 22. Bb2 {[%cal Rf3e5]} Bf6 23. Nd2 {[%cal Bf3d2,Bd2e4,Be4c3,Bc3d5][%mdl 32]} Ra2 24. Qc1 h6 25. Ne4 Be7 26. d4 exd4 27. Bxd4 b5 (27... f5 $1 $11 {remains equal.} 28. Nc3 Ra1) 28. Rb1 $16 {Hoping for cxb5.} bxc4 29. Nc3 R2a3 {[#]} 30. b5 $1 {[%cal Rb5c6][%mdl 1024] White has strong compensation.} c5 (30... Ne5 $16) 31. Ncd5 $18 Qd6 $2 (31... Qd8) 32. Nxc4 {Precision: White = 62%, Black = 28%.} 1-0

[Event "33rd ECCC Open 2017"]
[Site "Antalya"]
[Date "2017.10.12"]
[Round "5"]
[White "Czebe, Attila"]
[Black "Burstein, Roman"]
[Result "1-0"]
[WhiteElo "2467"]
[BlackElo "2322"]
[Annotator "TA"]
[PlyCount "80"]
[EventType "team-tourn"]
[EventCountry "TUR"]
[SourceTitle "playchess.com"]
[Source "ChessBase"]
[SourceQuality "1"]
[WhiteTeam "Dunajska Streda"]
[BlackTeam "MAKABI"]

{[%evp 19,80,31,31,29,32,25,22,9,16,18,37,38,57,58,66,50,55,49,52,51,50,57,112,106,110,90,94,81,66,43,61,77,98,0,0,0,0,0,0,0,0,-6,1,0,28,24,127,87,125,21,240,240,235,230,231,229,234,239,198,200,242,237,29997]} 1. e4 c5 2. Nf3 e6 3. g3 a6 4. Bg2 Qc7 5. O-O Nc6 6. c3 {B40: Sicilian: 2...e6, Unusual lines} Nf6 7. Re1 Be7 8. d4 cxd4 9. cxd4 d5 10. e5 Ne4 {LiveBook: 3 Games} 11. Nbd2 $146 ({Predecessor:} 11. Be3 O-O 12. h4 {½-½ (21) Smirin,I (2616)-Reshetnikov,A (2388) Moscow 2008}) 11... Nxd2 12. Bxd2 O-O 13. h4 Qb6 14. Bc3 Bb4 15. Bf1 f5 16. exf6 Rxf6 17. Re3 Bd7 18. Bh3 Raf8 19. Ng5 {[%cal Rh3e6]} Rxf2 20. Nxe6 R2f6 (20... Bxe6 $14 21. Bxe6+ Kh8) 21. Qb3 $1 $16 Bxe6 22. Bxe6+ Kh8 23. Rd1 a5 24. Bxb4 Nxb4 25. Bh3 $1 Qd6 26. Bg2 (26. a3 $16 Nc6 27. Qxb7) 26... Rf2 $11 27. Re5 Qg6 {Threatens to win with ...h6.} 28. Qe3 h6 ({Don't do} 28... Rxb2 29. Rf1 $15) ({But not} 28... Qc2 $6 29. Bf3 $1 $16 {[%mdl 512]}) 29. Rf1 $1 {[%cal Rf1f2]} Rxf1+ 30. Bxf1 Nc6 31. Bd3 $1 {[%cal Rd3g6]} Qf7 32. Rf5 Qe8 (32... Qg8 $11) 33. Kg2 Kg8 {[#]} 34. Qf3 (34. Qxe8 $1 $16 Rxe8 35. Rxd5) 34... g6 $2 (34... Rxf5 $11 {and Black stays safe.} 35. Qxf5 Qd8) 35. Qxd5+ $18 {White is clearly better.} Kg7 36. Rxf8 Qxf8 {[#]} 37. Bb5 $1 Qb4 38. Bc4 {Qg8+ would kill now.} Qf8 39. a3 Qe7 40. g4 {Black must now prevent Qg8+.} Kf6 $2 {Precision: White = 69%, Black = 31%.} (40... Qe8 $18 41. Kf3 Kh7) 1-0

[Event "33rd ECCC Open 2017"]
[Site "Antalya"]
[Date "2017.10.13"]
[Round "5"]
[White "Pijpers, Arthur"]
[Black "Matlakov, Maxim"]
[Result "0-1"]
[WhiteElo "2465"]
[BlackElo "2730"]
[Annotator "TA"]
[PlyCount "104"]
[EventType "team-tourn"]
[EventCountry "TUR"]
[SourceTitle "playchess.com"]
[Source "ChessBase"]
[SourceQuality "1"]
[WhiteTeam "Leiden"]
[BlackTeam "Mednyi Vsadnik"]

{[%evp 19,104,20,17,31,33,38,34,27,34,0,18,0,11,-37,-21,-31,-32,-40,-36,-27,-31,-38,-27,-45,-20,-93,-65,-45,-6,-22,0,0,0,0,53,41,310,312,552,29,23,40,71,-4,26,-17,0,0,0,-17,0,-189,-26,-38,-20,-70,-135,-197,-185,-199,-187,-416,-408,-635,-543,-984,-337,-328,-313,-9381,-29966,-29966,-29967,-29967,-29968,-29959,-29945,-12850,-9541,-4927,-2070,-2685,-2273,-29984,-29985,-29980,-29981]} 1. e4 c6 2. d4 d5 3. e5 Bf5 4. Nf3 e6 5. Be2 Ne7 6. O-O Nd7 7. Nbd2 h6 {B12: Caro-Kann: Advance Variation} 8. Nb3 g5 (8... Qc7 9. Bd2 g5 10. c4 a5 11. Rc1 dxc4 12. Bxc4 Bg7 13. Re1 O-O 14. h4 g4 {1-0 (39) Vachier Lagrave,M (2804)-Tomashevsky,E (2716) Doha 2016}) 9. a4 {[%cal Ba2a4,Ba4a5][%mdl 32]} Bg7 10. a5 Qc7 {LiveBook: 9 Games} 11. Bd2 c5 12. Nxc5 Nxc5 13. dxc5 Qxc5 {[#]} 14. Be3 $146 ({Predecessor:} 14. c3 O-O 15. h4 {½-½ (45) Saenko,O (2516)-Napalkov,V (2423) ICCF email 2010}) 14... Qc7 15. Bb5+ Kf8 16. c3 Bg4 17. Bd4 Bxf3 18. Qxf3 Bxe5 19. Bxe5 Qxe5 20. Rfe1 Qf5 {Threatens to win with ...Qxf3.} 21. Qg3 Kg7 22. Qc7 (22. Ra4 $11 {keeps the balance.}) 22... Ng6 {[%cal Be7g6,Bg6f4,Bf4h3][%mdl 32]} 23. Qxb7 Nf4 24. Qa6 $1 Qg4 {[%csl Gf4][%cal Rg4g2]} 25. g3 Nh3+ 26. Kg2 Qf5 (26... Rhb8 $11) 27. f3 $1 $14 g4 $2 {[%mdl 8192]} (27... h5 $1 $14) 28. fxg4 $18 Qxg4 $2 (28... Nf4+ 29. Kf3 (29. gxf4 Qxg4+ 30. Kf2 Qxf4+ 31. Ke2 Rhd8 $11) 29... Qc2 30. gxf4 (30. Kxf4 Qf2+ 31. Ke5 Rhd8 $19) 30... Qxb2) 29. Qd6 $2 ({Only move:} 29. Ra4 $1 $18 {[%cal Ra4g4]} Qg5 30. Kxh3) 29... Ng5 $1 $11 30. Qe5+ $1 f6 31. Qf4 (31. Qc7+ $1 $16 Kg8 32. Qf4 Qxf4 33. gxf4) 31... h5 {Hoping for ...Rab8.} 32. h4 Qh3+ 33. Kg1 Ne4 $36 {[%mdl 2048] Black has the initiative.} 34. Qc7+ Kg8 {...Rh7 is the strong threat.} 35. Rxe4 $2 (35. Qf4 $11) 35... dxe4 $2 (35... Rh7 $1 $19 {[%cal Rh7c7]} 36. Bf1 (36. Qc6 $2 Qxg3+ 37. Kf1 Qf3+ 38. Ke1 Qxe4+ $19) 36... Rxc7 37. Bxh3 dxe4 38. Bxe6+ Kg7) 36. Rd1 $1 Qg4 37. Rd7 Rh6 $1 38. Kh2 (38. Bc6 $17 Rf8 39. Rd8) 38... Rg6 $19 39. Bc4 {Strongly threatening Re7.} Re8 $1 40. Qd6 $2 (40. b3 {is a better defense.}) 40... e3 {aiming for ...e2.} 41. Bd3 {[#]} (41. Qf4 $142 Qxf4 42. gxf4) 41... f5 $1 ({Stronger than} 41... e2 42. Rd8 $14) 42. Qe5 Qf3 $2 (42... Rf8 {( -> ...f4!)} 43. Qf4 e2 44. Qxg4 fxg4 45. Bxe2 Rf2+ 46. Kg1 Rxe2) 43. Bc4 {[#] White wants to mate with Bxe6+!} Qe4 $1 {[%cal Re4e5]} ({Weaker is} 43... Qg4 44. Rd4 $17) 44. Bxe6+ $2 (44. Qxe4 fxe4 45. a6 (45. Rxa7 $2 Rf6 $19)) 44... Rexe6 45. Rd8+ Kf7 46. Qh8 Qc2+ 47. Kh1 Qb1+ 48. Kh2 Qxb2+ 49. Kh1 Qb7+ 50. Kh2 Qe7 51. Qh7+ Kf6 52. Qh8+ Qg7 {Precision: White = 27%, Black = 45%.} 0-1

[Event "33rd ECCC Open 2017"]
[Site "Antalya"]
[Date "2017.10.12"]
[Round "5"]
[White "Christiansen, Johan-Sebastian"]
[Black "Johannessen, Leif Erlend"]
[Result "1-0"]
[WhiteElo "2462"]
[BlackElo "2496"]
[Annotator "TA"]
[PlyCount "59"]
[EventType "team-tourn"]
[EventCountry "TUR"]
[SourceTitle "playchess.com"]
[Source "ChessBase"]
[SourceQuality "1"]
[WhiteTeam "Valerenga"]
[BlackTeam "Oslo"]

{[%evp 25,59,22,32,42,25,37,53,49,125,53,41,17,16,22,12,14,16,0,17,1,13,0,0,0,0,0,0,0,0,-16,-16,-57,0,0,29988,29989]} 1. Nf3 Nf6 2. c4 b6 3. g3 Bb7 4. Bg2 e6 5. O-O Be7 6. Nc3 O-O 7. Re1 d5 8. cxd5 exd5 9. d4 Na6 10. Bf4 Ne4 11. Rc1 c5 12. dxc5 {E17: Queen's Indian: 4 g3 Bb7 5 Bg2 Be7} Naxc5 13. Nd4 (13. Be5 Re8 14. Bd4 Bf8 15. Qc2 Rc8 16. Bh3 Ne6 17. Qd3 Qe7 18. Red1 Red8 {½-½ (40) Gelfand,B (2734)-Ponomariov,R (2706) Almaty 2016}) 13... Bf6 {LiveBook: 19 Games} 14. Ndb5 {White is slightly better.} Nxc3 15. Nxc3 g5 16. b4 $1 {[%cal Rc3d5] [#]} Ne4 $146 {[#]} (16... d4 $14 17. bxc5 Bxg2) ({Predecessor:} 16... Ne6 17. Be3 Bxc3 18. Rxc3 d4 19. Rd3 Bxg2 20. Kxg2 {½-½ (40) Christiansen,J (2399)-Ovsejevitsch,S (2571) Vaxjo 2016}) 17. Nxe4 (17. Bc7 $1 $16 {[%cal Rc7d8][%mdl 512]} Qxc7 18. Nxe4 (18. Nxd5 Qe5 $16)) 17... dxe4 $14 18. Bd6 Be7 19. Bxe7 Qxe7 20. Qd4 Rad8 21. Qe3 f5 {[%cal Bf7f5,Bf5f4][%mdl 32]} 22. Red1 f4 23. Qb3+ Kg7 24. Qc3+ Kg6 25. Rxd8 Rxd8 26. Bh3 Qd6 27. b5 e3 28. f3 Qd2 ({Black should try} 28... fxg3 $15 29. Qxe3 gxh2+ 30. Kh1 h5) 29. Qc7 $11 {Rf1 is the strong threat.} Qxe2 $4 {[%mdl 8192] [#]} (29... Bxf3 $11 30. Bf5+ Kf6) 30. Bf5+ $1 {[%mdl 512] Precision: White = 62%, Black = 42%.} 1-0

[Event "33rd ECCC Open 2017"]
[Site "Antalya"]
[Date "2017.10.12"]
[Round "5"]
[White "Tratar, Marko"]
[Black "Wells, Peter K"]
[Result "1-0"]
[WhiteElo "2456"]
[BlackElo "2447"]
[Annotator "TA"]
[PlyCount "81"]
[EventType "team-tourn"]
[EventCountry "TUR"]
[SourceTitle "playchess.com"]
[Source "ChessBase"]
[SourceQuality "1"]
[WhiteTeam "Bonnevoie"]
[BlackTeam "White Rose"]

{[%evp 12,81,25,38,41,30,25,37,33,7,30,0,0,0,0,12,52,49,83,58,64,74,95,72,148,101,136,120,129,94,119,112,220,198,277,275,315,228,314,321,302,310,292,287,290,292,290,292,322,298,304,290,421,370,454,449,525,524,500,507,520,511,608,607,537,529,631,623,647,624,688,679]} 1. Nf3 Nf6 2. g3 c5 3. Bg2 Nc6 4. O-O g6 5. d4 cxd4 6. Nxd4 Bg7 7. c4 {LiveBook: 407 Games} h5 {A31: Symmetrical English: 2 Nf3 Nf6 3 d4} (7... O-O 8. Nc2 d6 9. Nc3 Be6 10. b3 Qd7 11. Bb2 Bh3 12. Ne3 Rfd8 13. Qb1 Bxg2 14. Kxg2 e6 15. Rd1 a6 16. Rd2 Ne5 17. f3 b5 18. Ne4 Nxe4 19. Qxe4 bxc4 20. bxc4 {½-½ (67) Grischuk,A (2783)-Navara,D (2737) Tbilisi 2017}) 8. h3 O-O 9. Nc3 d6 {White is slightly better.} 10. e3 $146 ({Predecessor:} 10. Be3 Bd7 11. Rc1 Qa5 12. Nb3 Qf5 13. Bd2 g5 14. Qc2 g4 15. Qxf5 Bxf5 16. hxg4 Bxg4 {½-½ (25) Ellers,H (2425)-Wendt,R (2310) Fuerth 1998}) 10... a6 11. Nde2 Bd7 12. a4 Qc8 13. Kh2 e6 14. e4 Re8 15. Bg5 Nh7 16. Be3 Nf6 17. b3 h4 (17... Qc7 $142) 18. g4 Qc7 19. Kh1 Nb4 20. Rc1 Rad8 21. Bg5 Qc5 (21... Bc6 $16) 22. Qd2 $18 (22. Bxh4 Bc6) 22... Bc6 (22... Nc6 $142 23. Bxh4 Ne7) 23. Be3 {[%cal Bg5e3,Be3c5,Bc5b4,Bb4c3][%mdl 32]} ({Resist} 23. Bxh4 $6 Qb6 $16) 23... Qa5 24. g5 Nxe4 25. Nxe4 ({Weaker is} 25. Bxe4 Qf5 $14) 25... d5 26. Bc5 dxe4 27. Qxb4 Qxb4 28. Bxb4 Rd3 29. Rb1 Be5 30. Rfc1 Red8 31. Kg1 e3 (31... f5 {might work better.} 32. gxf6 Kf7) 32. f4 Bc7 33. Bc3 {White is clearly winning.} e5 34. Bxc6 bxc6 35. fxe5 Re8 36. Rd1 Rxc3 37. Nxc3 Rxe5 38. Rb2 Bb6 {[#] Strongly threatening ...e2+.} 39. Kh1 Rxg5 40. Ne4 Rf5 41. Re2 {Precision: White = 74%, Black = 33%.} 1-0